000 00457nam a22001697a 4500
999 _c22483
_d22483
003 BDDh-ASL
005 20231015030134.0
008 210228s1967 pk ||||| |||| 00| 0 eng d
040 _aBDDh-ASL
_cBDDh-ASL
082 _a954
_bSYR
245 1 0 _aRare Documents /
260 _aLahore:
_bMuhammad Ali Academy,
_c1967.
300 _a313 p. :
_c24 cm.
650 0 _93239
_aRare Documents
700 1 _93238
_aJafri, Syed Rais Ahmad
_dNadvi
942 _2ddc
_cBK